000 00547nam a2200145Ia 4500
008 220216s9999 xx 000 0 und d
100 _aMathew
_nG
245 0 _aProphylactic treatment of rubber wood for protection from pests and pathogens
260 _bIn: Rubber Wood Processing and Utilization in India (Eds. R. Gnanaharan, K. Tharian George and K. Damodaran). Ganesh Publications, 2002, Bangalore, India, pp.27-30.
650 _aPests
650 _aWood treatment
700 _aAnanthanarayanan S
700 _aFlorence E J M
942 _cBO
999 _c48032
_d48032